| 000 -ლიდერი |
| ფიქსირებული სიგრძის საკონტროლო ველი |
01850nam a22002537a 4500 |
| 003 - საკონტროლო ნომრის იდენტიფიკატორი |
| საკონტროლო ველი |
Ge_BSU |
| 005 - ბოლო ოპერაციის თარიღი და დრო |
| საკონტროლო ველი |
20260408144229.0 |
| 008 - ფიქსირებული სიგრძის მონაცემთა ელემენტები - ზოგადი ინფორმაცია |
| ფიქსირებული სიგრძის საკონტროლო ველი |
260408s2023 ge ||||| |||| 00| 0 geo d |
| 020 ## - წიგნის საერთაშორისო სტანდარტული ნომერი |
| International Standard Book Number |
9789941344589 |
| 041 ## - ენის კოდი |
| Language code of text/sound track or separate title |
geo |
| 080 ## - უნივერსალური ათობითი კლასიფიკაციის ინდექსი |
| Universal Decimal Classification number |
903(479.222.3) ხ-48 |
| 100 ## - მთავარი ჩანაწერი - პიროვნების სახელი |
| Personal name |
ხვისტანი, რევაზ |
| 9 (RLIN) |
27294 |
| 245 ## - ცნობა სათაურის შესახებ |
| Title |
არქეოლოგიური ნარკვევები / |
| Statement of responsibility, etc |
რევაზ ხვისტანი; რედაქტორი ლერი ჯიბლაძე. |
| 264 ## - წარმოების, გამოცემის, დისტრიბუციის და სხვა ცნობები |
| გამოცემის, წარმოების, დისტრიბუციის... ადგილი |
თბილისი : |
| გამოცემის, წარმოების, დისტრიბუციის... სახელწოდება |
მერიდიანი, |
| გამოცემის, წარმოების, დისტრიბუციის... თარიღი |
2023. |
| 300 ## - ფიზიკური აღწერა |
| Extent |
244 გვ. : |
| Other physical details |
პორტრ., ტაბ. ; |
| Dimensions |
20 სმ. |
| 500 ## - ზოგადი შენიშვნა |
| General note |
წიგნი დაფინანსებულია ადხაზეთის არ განათლებისა და კულტურის სამინისტროს მიერ "აფხაზეთის მეცნიერთა მხარდაჭერის პროგრამის" ფარგლებში. |
| 504 ## - BIBLIOGRAPHY, ETC. NOTE |
| Bibliography, etc |
ბიბლიოგრაფია ტექსტის შენიშვნებში. |
| 653 ## - INDEX TERM--UNCONTROLLED |
| Uncontrolled term |
სოფელ იფარის სიძველეები |
| 653 ## - INDEX TERM--UNCONTROLLED |
| Uncontrolled term |
სოფელ იფარის სიძველეები ; ყუახვრელიანი ქვის საბრძოლო ცული |
| 653 ## - INDEX TERM--UNCONTROLLED |
| Uncontrolled term |
ბედიის სამონასტრო კომპლექსი ; ძეგლის მდებარეობა ; ბედია, როგორც რელიგიურ-პოლიტიკური ცენტრი |
| 653 ## - INDEX TERM--UNCONTROLLED |
| Uncontrolled term |
არქეოლოგია -- სვანეთი |
| 700 ## - ADDED ENTRY--PERSONAL NAME |
| Personal name |
ჯიბლაძე, ლერი |
| Relator term |
რედაქტორი |
| 9 (RLIN) |
17540 |
| 942 ## - ADDED ENTRY ELEMENTS (KOHA) |
| Source of classification or shelving scheme |
|
| Koha item type |
წიგნი |